Microstates Highest GDP Per Capita Quiz Stats

 Plays Quiz not verified by Sporcle

Challenge
Share
Tweet
Embed
Score 0/20 Timer 07:00
0 Plays Today
GDP Per Capita Country % Correct
$78,700Monaco
90.6%
$89,400Liechtenstein
87.5%
$99,500Luxembourg
85.9%
$37,200Andorra
85.9%
$63,800San Marino
84.4%
$24,300Saint Kitts and Nevis
75%
$36,100Malta
73.4%
$16,700Barbados
73.4%
$13,500Grenada
70.3%
$79,500Brunei
68.8%
GDP Per Capita Country % Correct
$24,500Bahamas
68.8%
$26,700Seychelles
67.2%
$45,600Iceland
64.1%
$15,100Palau
64.1%
$23,600Antigua and Barbuda
62.5%
$14,800Nauru
62.5%
$14,900Maldives
57.8%
$43,500Equatorial Guinea
45.3%
$16,000Montenegro
43.8%
$16,300Suriname
39.1%

You're not logged in!

Compare scores with friends on all Sporcle quizzes.
OR
Log In

You Might Also Like...

Show Comments

Extras

Top Quizzes Today


Score Distribution

Your Account Isn't Verified!

In order to create a playlist on Sporcle, you need to verify the email address you used during registration. Go to your Sporcle Settings to finish the process.

Report this User

Report this user for behavior that violates our Community Guidelines.

Details: